Kierowca doskonały B : e-podręcznik /

Сохранить в:
Библиографические подробности
Соавтор: Grupa Image (Wydawca)
Другие авторы: Próchniewicz, Henryk (Oryginał)
Формат:
Язык:польский
Опубликовано: Warszawa : Grupa Image, 2020.
Редактирование:Wydanie XIII.
Предметы:
Метки: Добавить метку
Нет меток, Требуется 1-ая метка записи!

MARC

LEADER 00000nam#a2200000#i#4500
001 9912986843705606
005 20260515100513.0
008 220524s2020####pl# PL |0| |0ppoldc
009 b0000130047634
020 |a 9788363917005 
035 |a MAK7876185-48omnis_network 
035 |a (PL)b0000130047634 
040 |a OLSZT W  |c OLSZT W 
046 |k 2017 
080 |a 351.811.122(438) 
080 |a 656.13.05 
080 |a 656.18.05 
080 |a (07) 
245 0 0 |a Kierowca doskonały B :  |b e-podręcznik /  |c wg Henryka Próchniewicza. 
250 |a Wydanie XIII. 
260 |a Warszawa :  |b Grupa Image,  |c 2020. 
300 |a 376 stron :  |b fotografie, ilustracje ;  |c 22 cm. +  |e 1 dysk optyczny (CD-ROM) 
336 |a Obraz  |b sti 
336 |a Tekst  |b txt 
337 |a Bez urządzenia pośredniczącego  |b n 
338 |a Wolumin  |b nc 
380 |a Publikacje fachowe 
380 |a Publikacje dydaktyczne 
380 |a Książki 
385 |m Poziom nauczania  |a Prawo jazdy kategorii B 
385 |m Poziom nauczania  |a Prawo jazdy kategorii B1 
388 1 |a 2001- 
521 8 |a Dla osób pragnących uzyskać prawo jazdy kategorii B i B1. 
650 4 |a Samochody osobowe 
650 4 |a Prawo o ruchu drogowym 
650 4 |a Motorower 
650 4 |a Komunikacja drogowa 
650 4 |a Kierowanie pojazdami 
650 4 |a Egzaminy na prawo jazdy 
651 4 |a Polska 
655 4 |a Podręczniki 
655 4 |a Publikacja bogato ilustrowana 
658 |a Prawo i wymiar sprawiedliwości 
658 |a Transport i logistyka 
700 1 |a Próchniewicz, Henryk  |e Oryginał 
710 2 |a Grupa Image  |e Wydawca 
942 |2 ddc  |c BK  |n 0 
952 |0 0  |1 0  |2 ddc  |4 0  |6 W__16_000000000000000  |7 0  |9 5  |a WRO  |b WRO  |d 2026-04-10  |e da  |g 10.00  |i WRO-016  |l 0  |o W.16  |p 2000100000168  |r 2026-04-10 20:19:00  |v 10.00  |w 2026-04-10  |y BK 
999 |c 5  |d 5